| 000 | 00508cam a2200193 4500 | ||
|---|---|---|---|
| 001 | D7814 | ||
| 008 | 090401t1978 xxu||||| |||| 00| 0 eng d | ||
| 035 | _a(Sirsi) u9595 | ||
| 041 | _aeng | ||
| 050 | _a728 | ||
| 100 | _aPenoyre, John | ||
| 245 | _aHouses in the landscape: a regional study of vernacular building styles in England and Wales | ||
| 260 |
_aLondon _bFaber and Faber _c1978 |
||
| 300 | _a175p. ill. 20cm | ||
| 350 | _a6.5 | ||
| 700 | _aPenoyre, Jane | ||
| 942 | _n0 | ||
| 948 | _c04/03/1997 | ||
| 999 |
_c86644 _d86644 |
||